O rouxinol e a sua namorada (Registo nº 4510)

Detalhes MARC
000 -Etiqueta do registo
Cabeçalho 00830nam0a2200277 4500
003 - Persistent Record Identifier
control field http://porbase.bnportugal.pt/ipac20/ipac.jsp?profile=bn&uri=full=3100024~!2594878~!0
005 - Identificador da versão
Campo de controlo 20260213123358.0
010 ## - Número internacional normalizado dos livros (ISBN)
Número (ISBN) 9789720726902
021 ## - Número do Depósito Legal
Código do país PT
Número 367930/13
100 ## - Dados gerais de processamento
Dados gerais de processamento 20161103d2013 c y0pory50030103ba
101 0# - Língua de publicação
Língua do texto, banda sonora, etc. Português
102 ## - Pais de publicação ou produção
País de publicação Portugal
200 1# - Titulo e menção de responsabilidade
Título próprio O rouxinol e a sua namorada
Primeira menção de responsabilidade Sidónio Muralha
Outras menções de responsabilidade il. Marta Jacinto
210 ## - Publicação, Distribuição, etc. 
Lugar da edição, distribuição, etc. Porto
Nome do editor, distribuidor, etc. Porto Ed.
Data da publicação, distribuição, etc. 2013
215 ## - Descrição física 
Indicação específica da natureza do documento e extensão da espécie 39 p.
Outras indicações físicas il. color
225 1# - Colecção 
Título próprio da colecção Educação literária
300 ## - Notas gerais 
Texto da nota Metas Curriculares
Texto da nota PNL
606 ## - Nome comum usado como assunto
Número de registo de entrada de autoridade 0001358
Palavra de ordem Literatura portuguesa
Subdivisão de assunto Poesia
Código do sistema CA
675 ## - Classificação Decimal Universal (CDU)
Notação 821.134.3-1
Edição 3ª ed.
Língua da edição por
700 #1 - Nome de autor-pessoa física (responsabilidade principal)
Número de registo de entrada de autoridade 0000472
Palavra de ordem Muralha
Outra parte do nome não tomada para palavra de ordem Sidónio
Datas 1920-1982
702 #1 - Nome de autor-pessoa física (responsabilidade secundária)
Número de registo de entrada de autoridade 0001404
Palavra de ordem Jacinto
Outra parte do nome não tomada para palavra de ordem Marta
Código de função Ilustrador / Técnico de desenho computorizado
942 ## - Elementos de entrada adicionados (Koha)
Tipo de item no Koha Livro
966 ## - Identificação da Biblioteca
Sigla EBVEN
Exemplares
Situação do levantamento Origin of item (home branch) (coded) Biblioteca de empréstimo Código de barras Cota Circulation type (not for loan) Tipo de documento Nota do exemplar Damaged status Nº de registo manual
  Biblioteca Escolar da Coca Maravilhas Biblioteca Escolar da Coca Maravilhas BECM20238 8P MUR   Livro     20238
  Biblioteca Escolar das Vendas Biblioteca Escolar das Vendas BEV2519 8POR MUR MET PNL   Livro Sem mensagem